Taking side / (Record no. 4669)

MARC details
000 -LEADER
fixed length control field 00815nam a22002537a 4500
001 - CONTROL NUMBER
control field 4669
003 - CONTROL NUMBER IDENTIFIER
control field FISKH
005 - DATE AND TIME OF LATEST TRANSACTION
control field 20240919143419.0
008 - FIXED-LENGTH DATA ELEMENTS--GENERAL INFORMATION
fixed length control field 240919b cb ||||| |||| 00| 0 eng d
020 ## - INTERNATIONAL STANDARD BOOK NUMBER
International Standard Book Number 9780590138000
040 ## - CATALOGING SOURCE
Original cataloging agency FISKH
Language of cataloging eng
Transcribing agency FISKH
Modifying agency FISKH
050 ## - LIBRARY OF CONGRESS CALL NUMBER
Classification number PZ7.S7242
082 ## - DEWEY DECIMAL CLASSIFICATION NUMBER
Edition number 808.88
100 ## - MAIN ENTRY--PERSONAL NAME
Personal name Soto, Gary
Dates associated with a name 1952-
245 ## - TITLE STATEMENT
Title Taking side /
Statement of responsibility, etc. Gary Soto
250 ## - EDITION STATEMENT
Edition statement Printing in 1991
260 ## - PUBLICATION, DISTRIBUTION, ETC.
Place of publication, distribution, etc. New York :
Name of publisher, distributor, etc. Scholastic,
Date of publication, distribution, etc. 1991.
300 ## - PHYSICAL DESCRIPTION
Extent 138 pages :
Dimensions 20cm
520 ## - SUMMARY, ETC.
Summary, etc. Fourteen-year-old Lincoln Mendoza, an aspiring basketball player, must come to terms with his divided loyalties when he moves from the Hispanic inner city to a white suburban neighborhood.
650 ## - SUBJECT ADDED ENTRY--TOPICAL TERM
Source of heading or term Sports
Topical term or geographic name entry element Latinx
Form subdivision Fiction
650 ## - SUBJECT ADDED ENTRY--TOPICAL TERM
Source of heading or term Basketball
Topical term or geographic name entry element Coming of age
942 ## - ADDED ENTRY ELEMENTS (KOHA)
Source of classification or shelving scheme Dewey Decimal Classification
Koha item type Books
Suppress in OPAC No
Holdings
Withdrawn status Lost status Source of classification or shelving scheme Damaged status Not for loan Collection Home library Current library Shelving location Date acquired Total Checkouts Full call number Barcode Date last seen Copy number Price effective from Koha item type
    Dewey Decimal Classification     Fiction Footprints International School Library Network Toul Kork Campus Footprints International School Library Network Toul Kork Campus TTP Secondary Fiction Bookshelves 09/19/2024   SOT 808.88 PZ7.S7242 2024-2042 09/19/2024 1 09/19/2024 Books